MARC

LEADER 00000nam0a2200000 4500
001 326824
005 20231102003911.0
035 |a (RuTPU)RU\TPU\book\352484 
090 |a 326824 
100 |a 20170117d1972 m y0rusy50 ca 
101 0 |a rus 
102 |a RU 
105 |a y z 001zy 
200 1 |a Экономика и молодежь  |f В. А. Парфенов 
210 |a Москва  |c Знание  |d 1972 
215 |a 48 с. 
225 1 |a Новое в жизни, науке, технике. Серия "Молодежная"  |v [Вып.] 7 
320 |a Библиогр.: с. 48 
606 1 |a Экономика  |x СССР  |2 stltpush  |3 (RuTPU)RU\TPU\subj\37359  |9 58390 
610 1 |a молодежь 
610 1 |a советская экономика 
610 1 |a экономическое образование 
610 1 |a социалистическое соревнование 
610 1 |a пятилетки 
610 1 |a воспитательная работа 
610 1 |a народное хозяйство 
686 |a У9(2)0  |v LBC/SL-A  |2 rubbk 
700 1 |a Парфенов  |b В. А.  |g Василий Александрович 
801 1 |a RU  |b 63413507  |c 20170117 
801 2 |a RU  |b 63413507  |c 20170120  |g RCR 
942 |c BK